000
00283nam a2200097Ia 4500
008
240331s9999 xx 000 0 und d
082
_b
SIN
100
_a
Singh, M
245
0
_a
Contemporary personal impressions upon :
_b
Indian Independence movement and Punjabi Suba struggle
942
_c
L
999
_c
2383
_d
2383